ბათუმის შოთა რუსთაველის სახელმწიფო უნივერსიტეტის ბიბლიოთეკა

Casarett & Doull's Toxicology : (ბიბ.ჩანაწერი № 61713)

000 -LEADER
fixed length control field 00721nam a22002177a 4500
005 - DATE AND TIME OF LATEST TRANSACTION
control field 20240419155103.0
008 - FIXED-LENGTH DATA ELEMENTS--GENERAL INFORMATION
fixed length control field 240419s2008 enk||||| |||| 00| 0 eng d
020 ## - INTERNATIONAL STANDARD BOOK NUMBER
International Standard Book Number 9780071470513x
041 ## - LANGUAGE CODE
Language code of text/sound track or separate title eng
080 ## - UNIVERSAL DECIMAL CLASSIFICATION NUMBER
Universal Decimal Classification number 615.9 C-29
100 ## - MAIN ENTRY--PERSONAL NAME
Personal name Klaassen, Curtis
9 (RLIN) 21886
245 ## - TITLE STATEMENT
Title Casarett & Doull's Toxicology :
Remainder of title The Basic Science of Poisons /
Statement of responsibility, etc. Editor Curtis Klaassen.
250 ## - EDITION STATEMENT
Edition statement Seventh Edition
264 ## - PRODUCTION, PUBLICATION, DISTRIBUTION, MANUFACTURE, AND COPYRIGHT NOTICE
Place of production, publication, distribution, manufacture New York :
Name of producer, publisher, distributor, manufacturer McGraw-Hill,
Date of production, publication, distribution, manufacture, or copyright notice 2008.
300 ## - PHYSICAL DESCRIPTION
Extent 1310 p.:
Other physical details ill. ;
Dimensions 29 cm.
653 ## - INDEX TERM--UNCONTROLLED
keyword შხამები
653 ## - INDEX TERM--UNCONTROLLED
keyword ტოქსიკოლოგია
653 ## - INDEX TERM--UNCONTROLLED
keyword მედიცინა
700 ## - ADDED ENTRY--PERSONAL NAME
Personal name Klaassen, Curtis
Relator term რედაქტორი
9 (RLIN) 21887
942 ## - ADDED ENTRY ELEMENTS (KOHA)
Source of classification or shelving scheme
Koha item type წიგნი
ეგზემპლარები
Withdrawn status Lost status Source of classification or shelving scheme Damaged status Not for loan Permanent Location Current Location Shelving location Date acquired Cost, normal purchase price Full call number Barcode Date last seen Copy number Price effective from Koha item type Public note
          ბათუმის შოთა რუსთაველის სახელმწიფო უნივერსიტეტის მთავარი ბიბლიოთეკა ბათუმის შოთა რუსთაველის სახელმწიფო უნივერსიტეტის მთავარი ბიბლიოთეკა წიგნსაცავი 2024-04-19 202.40 615.9 C-29 67876 2024-04-19 67876 2024-04-19 წიგნი 202 ლ. 40 თ.